| 000 | 00843cam a22001931 4500 | ||
|---|---|---|---|
| 082 |
_a512 _bGEA _cL-3;P-32 |
||
| 100 | 1 |
_aGeary, Alfred. _939100 |
|
| 245 | 1 | 0 |
_aMathematics for technical students, _cby A. Geary ... H. V. Lowry ... and H. A. Hayden ... |
| 260 |
_aLondon, _aNew York [etc.] _bLongmans, Green and co. _c[1941-42] |
||
| 300 |
_avii, 31p, : _bdiagrs. _c19 cm. |
||
| 500 | _a"The range of work is that covered by national certificate courses in engineering, bulding and chemistry."--Pref. | ||
| 500 | _aVol. 1 first published 1938; new impression August 1941. Vol. 2 first published 1939; second impression 1942. Vol. 3 first published 1941. | ||
| 526 |
_a0 _b0 _c0 _d512_000000000000000_GEA |
||
| 650 | 0 | _aMathematics. | |
| 650 | 0 |
_aMCE _9379 |
|
| 700 | 1 | _aHayden, H. A. | |
| 700 | 1 |
_aLowry, High Vernon, _939101 |
|
| 942 |
_2ddc _cBK |
||
| 999 |
_c543653 _d543653 |
||